Carrière de Ibrahimović - Statistiques

Statistiques générales
  • Ce quiz a été pris 626 fois
  • Le résultat moyen est 10 sur 11
Statistiques - réponses
Année Pays Club % Correct
2012-2016 France PSG
97%
2009-2011 Espagne FC Barcelone
96%
2011-2012 Italie AC Milan
95%
2001-2004 Pays-bas Ajax Amsterdam
95%
2016-2018 Angleterre Man.United
94%
2020-2023 Italie AC Milan
93%
2006-2009 Italie Inter Milan
93%
2001-2023 Nationale Suède
89%
2004-2006 Italie Juventus
88%
1999-2001 Suède Malmö FF
82%
2018-2020 Étas-unis L.A Galaxy
75%
Aucun quiz correspondant
Distribution des résultats
% des personnes avec chaque résultat
Percentile par nombre de réponses
Votre historique - résultats
Vous n’avez pas pris ce quiz